All Districts in Türkiye #2 - Statistics

General Stats
  • This quiz has been taken 8 times
  • The average score is 63 of 487
Answer Stats
Hint Answer % Correct
Muğla Bodrum
63%
Niğde Bor
63%
İzmir Bornova
63%
İzmir Buca
63%
Şırnak Cizre
63%
Muğla Fethiye
63%
Kocaeli Gebze
63%
Mardin Midyat
63%
İzmir Aliağa
50%
İzmir Bayraklı
50%
İzmir Çeşme
50%
Konya | Zonguldak Ereğli
50%
Kocaeli İzmit
50%
İzmir Karşıyaka
50%
Muğla Marmaris
50%
İzmir Menemen
50%
Muğla Milas
50%
Muş Muş Merkez
50%
Nevşehir Ürgüp
50%
Muş Varto
50%
Muğla Yatağan
50%
Sakarya Adapazarı
38%
Ordu Altınordu
38%
Samsun Atakum
38%
İzmir Balçova
38%
Kahramanmaraş Elbistan
38%
Mersin Erdemli
38%
İzmir Foça
38%
Kocaeli Gölcük
38%
Karaman Karaman Merkez
38%
Kocaeli Karamürsel
38%
Konya Karatay
38%
Kilis Kilis Merkez
38%
Kırıkkale Kırıkkale Merkez
38%
Kocaeli Körfez
38%
Muş Malazgirt
38%
İzmir Narlıdere
38%
Nevşehir Nevşehir Merkez
38%
Niğde Niğde Merkez
38%
Samsun Ondokuzmayıs
38%
Kahramanmaraş Onikişubat
38%
Manisa Salihli
38%
Mersin Tarsus
38%
İzmir Urla
38%
Yalova Yalova Merkez
38%
Trabzon Akçaabat
25%
Mersin Akdeniz
25%
Manisa Akhisar
25%
Konya Akşehir
25%
Mersin Anamur
25%
Mersin | Yozgat Aydıncık
25%
Samsun Bafra
25%
İzmir Bergama
25%
İzmir Beydağ
25%
Konya Beyşehir
25%
Şanlıurfa Birecik
25%
İzmir Çiğli
25%
Yalova Çınarcık
25%
Tekirdağ Çorlu
25%
Muğla Dalaman
25%
Muğla Datça
25%
İzmir Dikili
25%
Kocaeli Dilovası
25%
Şanlıurfa Eyyübiye
25%
İzmir Gaziemir
25%
Şanlıurfa Halfeti
25%
Samsun Havza
25%
Konya Ilgın
25%
Samsun İlkadım
25%
İzmir Karabağlar
25%
Karabük Karabük Merkez
25%
İzmir Karaburun
25%
Konya Karapınar
25%
Kastamonu Kastamonu Merkez
25%
Samsun Kavak
25%
Muğla Kavaklıdere
25%
İzmir Kemalpaşa
25%
İzmir Kiraz
25%
Manisa Kırkağaç
25%
Kırklareli Kırklareli Merkez
25%
Kırşehir Kırşehir Merkez
25%
İzmir Konak
25%
Muğla Köyceğiz
25%
Konya Kulu
25%
Kütahya Kütahya Merkez
25%
Samsun Ladik
25%
İzmir Menderes
25%
Muğla Menteşe
25%
Konya Meram
25%
Mersin Mezitli
25%
Mardin Nusaybin
25%
İzmir Ödemiş
25%
Trabzon Of
25%
Muğla Ortaca
25%
Trabzon Ortahisar
25%
Ordu Perşembe
25%
Karabük Safranbolu
25%
Sakarya Sapanca
25%
İzmir Seferihisar
25%
İzmir Selçuk
25%
Konya Selçuklu
25%
Muğla Seydikemer
25%
Siirt Siirt Merkez
25%
Sinop Sinop Merkez
25%
Şırnak Şırnak Merkez
25%
İzmir Tire
25%
İzmir Torbalı
25%
Mersin Toroslar
25%
Muğla Ula
25%
Ordu Ünye
25%
Şanlıurfa Viranşehir
25%
Yozgat Yozgat Merkez
25%
Zonguldak Zonguldak Merkez
25%
Nevşehir Acıgöl
13%
Konya Ahırlı
13%
Manisa Ahmetli
13%
Şanlıurfa Akçakale
13%
Ordu Akkuş
13%
Konya Akören
13%
Sakarya Akyazı
13%
Samsun Alaçam
13%
Zonguldak Alaplı
13%
Manisa Alaşehir
13%
Konya Altınekin
13%
Yalova Altınova
13%
Niğde Altunhisar
13%
Trabzon Araklı
13%
Sakarya Arifiye
13%
Yalova Armutlu
13%
Trabzon Arsin
13%
Mardin Artuklu
13%
Samsun Asarcık
13%
Nevşehir Avanos
13%
Sinop Ayancık
13%
Ordu Aybastı
13%
Samsun Ayvacık
13%
Kırıkkale Bahşılı
13%
Kocaeli Başiskele
13%
Malatya Battalgazi
13%
İzmir Bayındır
13%
Trabzon Beşikdüzü
13%
Şırnak Beytüşşebap
13%
Konya Bozkır
13%
Şanlıurfa Bozova
13%
Kırşehir Boztepe
13%
Mersin Bozyazı
13%
Muş Bulanık
13%
Niğde Çamardı
13%
Ordu Çamaş
13%
Rize Çamlıhemşin
13%
Mersin Çamlıyayla
13%
Samsun Canik
13%
Samsun Çarşamba
13%
Trabzon Çarşıbaşı
13%
Ordu Çatalpınar
13%
Ordu Çaybaşı
13%
Zonguldak Çaycuma
13%
Rize Çayeli
13%
Kocaeli Çayırova
13%
Trabzon Çaykara
13%
Konya Çeltik
13%
Tekirdağ Çerkezköy
13%
Şanlıurfa Ceylanpınar
13%
Kastamonu Cide
13%
Niğde Çiftlik
13%
Yalova Çiftlikköy
13%
Konya Cihanbeyli
13%
Konya Çumra
13%
Kocaeli Darıca
13%
Manisa Demirci
13%
Konya Derbent
13%
Konya Derebucak
13%
Kocaeli Derince
13%
Nevşehir Derinkuyu
13%
Trabzon Dernekpazarı
13%
Zonguldak Devrek
13%
Kars Digor
13%
Sinop Dikmen
13%
Sinop Boyabat
13%
Sivas Divriği
13%
Konya Doğanhisar
13%
Kütahya Domaniç
13%
Kahramanmaraş Dulkadiroğlu
13%
Sinop Durağan
13%
Trabzon Düzköy
13%
Kilis Elbeyli
13%
Konya Emirgazi
13%
Sakarya Erenler
13%
Sinop Erfelek
13%
Uşak Eşme
13%
Ordu Fatsa
13%
Sakarya Ferizli
13%
Sinop Gerze
13%
Sakarya Geyve
13%
Zonguldak Gökçebey
13%
Kahramanmaraş Göksun
13%
Ordu Gölköy
13%
Manisa Gölmarmara
13%
Şırnak Güçlükonak
13%
Mersin Gülnar
13%
Nevşehir Gülşehir
13%
Ordu Gülyalı
13%
Konya Güneysınır
13%
Ordu Gürgentepe
13%
İzmir Güzelbahçe
13%
Nevşehir Hacıbektaş
13%
Konya Hadim
13%
Şanlıurfa Haliliye
13%
Konya Halkapınar
13%
Şanlıurfa Harran
13%
Muş Hasköy
13%
Trabzon Hayrat
13%
Rize Hemşin
13%
Sakarya Hendek
13%
Şanlıurfa Hilvan
13%
Konya Hüyük
13%
Şırnak İdil
13%
Ordu İkizce
13%
Kastamonu İnebolu
13%
Rize İyidere
13%
Ordu Kabadüz
13%
Ordu Kabataş
13%
Konya Kadınhanı
13%
Kocaeli Kandıra
13%
Şanlıurfa Karaköprü
13%
Sakarya Karapürçek
13%
Sakarya Karasu
13%
Kars Kars Merkez
13%
Kocaeli Kartepe
13%
Sakarya Kaynarca
13%
İzmir Kınık
13%
Sakarya Kocaali
13%
Manisa | Trabzon Köprübaşı
13%
Ordu Korgan
13%
Muş Korkut
13%
Nevşehir Kozaklı
13%
Manisa Kula
13%
Ordu Kumru
13%
Siirt Kurtalan
13%
Kırklareli Lüleburgaz
13%
Trabzon Maçka
13%
Tekirdağ Marmaraereğlisi
13%
Kayseri Melikgazi
13%
Ordu Mesudiye
13%
Kilis Musabeyli
13%
Mersin Mut
13%
Mardin Ömerli
13%
Osmaniye Osmaniye Merkez
13%
Sakarya Pamukova
13%
Rize | Tokat Pazar
13%
Kahramanmaraş Pazarcık
13%
Kilis Polateli
13%
Rize Rize Merkez
13%
Samsun Salıpazarı
13%
Trabzon Şalpazarı
13%
Tekirdağ | Van Saray
13%
Sinop Saraydüzü
13%
Konya Sarayönü
13%
Manisa Sarıgöl
13%
Tekirdağ Şarköy
13%
Mardin Savur
13%
Manisa Şehzadeler
13%
Sakarya Serdivan
13%
Konya Seydişehir
13%
Mersin Silifke
13%
Şırnak Silopi
13%
Kütahya Simav
13%
Sivas Sivas Merkez
13%
Şanlıurfa Siverek
13%
Sakarya Söğütlü
13%
Manisa Soma
13%
Tekirdağ Süleymanpaşa
13%
Trabzon Sürmene
13%
Şanlıurfa Suruç
13%
Sakarya Taraklı
13%
Konya Taşkent
13%
Kastamonu Taşköprü
13%
Samsun Tekkeköy
13%
Yalova Termal
13%
Samsun Terme
13%
Tokat Tokat Merkez
13%
Trabzon Tonya
13%
Tunceli Tunceli Merkez
13%
Manisa Turgutlu
13%
Sinop Türkeli
13%
Kahramanmaraş Türkoğlu
13%
Konya Tuzlukçu
13%
Ordu | Uşak Ulubey
13%
Şırnak Uludere
13%
Niğde Ulukışla
13%
Uşak Uşak Merkez
13%
Trabzon Vakfıkebir
13%
Samsun Vezirköprü
13%
Samsun Yakakent
13%
Konya Yalıhüyük
13%
Mersin Yenişehir
13%
Mardin Yeşilli
13%
Malatya | Tokat Yeşilyurt
13%
Sivas Yıldızeli
13%
Trabzon Yomra
13%
Konya Yunak
13%
Manisa Yunusemre
13%
Kastamonu Abana
0%
Kahramanmaraş Afşin
0%
Kastamonu Ağlı
0%
Malatya Akçadağ
0%
Kırşehir Akçakent
0%
Yozgat Akdağmadeni
0%
Sivas Akıncılar
0%
Kayseri Akkışla
0%
Kırşehir Akpınar
0%
Kars Akyaka
0%
Tokat Almus
0%
Kütahya Altıntaş
0%
Sivas Altınyayla
0%
Kahramanmaraş Andırın
0%
Kastamonu Araç
0%
Malatya Arapgir
0%
Rize Ardeşen
0%
Malatya Arguvan
0%
Kars Arpaçay
0%
Tokat Artova
0%
Kütahya Aslanapa
0%
Karaman Ayrancı
0%
Kastamonu Azdavay
0%
Kırklareli Babaeski
0%
Osmaniye Bahçe
0%
Van Bahçesaray
0%
Kırıkkale Balışeyh
0%
Uşak Banaz
0%
Tokat Başçiftlik
0%
Van Başkale
0%
Karaman Başyayla
0%
Siirt Baykan
0%
Yozgat Boğazlıyan
0%
Kastamonu Bozkurt
0%
Kayseri Bünyan
0%
Kahramanmaraş Çağlayancerit
0%
Van Çaldıran
0%
Yozgat Çandır
0%
Van Çatak
0%
Kastamonu Çatalzeytin
0%
Kütahya Çavdarhisar
0%
Yozgat Çayıralan
0%
Yozgat Çekerek
0%
Kırıkkale Çelebi
0%
Tunceli Çemişgezek
0%
Kırşehir Çiçekdağı
0%
Kastamonu Daday
0%
Malatya Darende
0%
Mardin Dargeçit
0%
Kırıkkale Delice
0%
Kırklareli Demirköy
0%
Rize Derepazarı
0%
Mardin Derik
0%
Kayseri Develi
0%
Kastamonu Devrekani
0%
Kayseri Özvatan
0%
Sivas Doğanşar
0%
Malatya Doğanşehir
0%
Malatya Doğanyol
0%
Kastamonu Doğanyurt
0%
Kütahya Dumlupınar
0%
Osmaniye Düziçi
0%
Van Edremit
0%
Karabük Eflani
0%
Kahramanmaraş Ekinözü
0%
Kütahya Emet
0%
Tokat Erbaa
0%
Van Erciş
0%
Tekirdağ Ergene
0%
Karaman Ermenek
0%
Siirt Eruh
0%
Karabük Eskipazar
0%
Kayseri Felahiye
0%
Rize Fındıklı
0%
Kütahya Gediz
0%
Sivas Gemerek
0%
Van Gevaş
0%
Sivas Gölova
0%
Manisa Gördes
0%
Rize Güneysu
0%
Van Gürpınar
0%
Sivas Gürün
0%
Kayseri Hacılar
0%
Sivas Hafik
0%
Kastamonu Hanönü
0%
Osmaniye Hasanbeyli
0%
Tekirdağ Hayrabolu
0%
Malatya Hekimhan
0%
Kütahya Hisarcık
0%
Tunceli Hozat
0%
Kastamonu İhsangazi
0%
Rize İkizdere
0%
Sivas İmranlı
0%
Kayseri İncesu
0%
Van İpekyolu
0%
Osmaniye Kadirli
0%
Yozgat Kadışehri
0%
Kars Kağızman
0%
Malatya Kale
0%
Rize Kalkandere
0%
Kırşehir Kaman
0%
Sivas Kangal
0%
Tekirdağ Kapaklı
0%
Uşak Karahallı
0%
Kırıkkale Karakeçili
0%
Karaman Kazımkarabekir
0%
Kırıkkale Keskin
0%
Zonguldak Kilimli
0%
Mardin Kızıltepe
0%
Kayseri Kocasinan
0%
Kırklareli Kofçaz
0%
Sivas Koyulhisar
0%
Zonguldak Kozlu
0%
Malatya Kuluncak
0%
Kastamonu Küre
0%
Tekirdağ Malkara
0%
Tunceli Mazgit
0%
Mardin Mazıdağı
0%
Kırşehir Mucur
0%
Van Muradiye
0%
Tekirdağ Muratlı
0%
Tunceli Nazımiye
0%
Tokat Niksar
0%
Kahramanmaraş Nurhak
0%
Karabük | Tunceli Ovacık
0%
Van Özalp
0%
Kütahya Pazarlar
0%
Kırklareli Pehlivanköy
0%
Tunceli Pertek
0%
Siirt Pervari
0%
Kastamonu | Kayseri Pınarbaşı
0%
Kırklareli Pınarhisar
0%
Tunceli Pülümür
0%
Malatya Pütürge
0%
Tokat Reşadiye
0%
Kütahya Şaphane
0%
Yozgat Saraykent
0%
Kars Sarıkamış
0%
Yozgat Sarıkaya
0%
Kayseri Sarıoğlan
0%
Karaman Sarıveliler
0%
Kayseri Sarız
0%
Sivas Şarkışla
0%
Manisa Saruhanlı
0%
Yozgat Şefaatli
0%
Manisa Selendi
0%
Kars Selim
0%
Kastamonu Şenpazar
0%
Kastamonu Seydiler
0%
Siirt Şirvan
0%
Uşak Sivaslı
0%
Yozgat Sorgun
0%
Kırıkkale Sulakyurt
0%
Tokat Sulusaray
0%
Osmaniye Sumbas
0%
Sivas Suşehri
0%
Kars Susuz
0%
Kayseri Talas
0%
Kütahya Tavşanlı
0%
Siirt Tillo
0%
Kayseri Tomarza
0%
Osmaniye Toprakkale
0%
Kastamonu Tosya
0%
Tokat Turhal
0%
Van Tuşba
0%
Sivas Ulaş
0%
Kırklareli Vize
0%
Kırıkkale Yahşihan
0%
Kayseri Yahyalı
0%
Malatya Yazıhan
0%
Karabük Yenice
0%
Yozgat Yenifakılı
0%
Yozgat Yerköy
0%
Kayseri Yeşilhisar
0%
Sivas Zara
0%
Tokat Zile
0%
No matching quizzes found
Score Distribution
Percent of People with Each Score
Percentile by Number Answered
Your Score History
You have not taken this quiz